000 01020namaa2200289 i 4500
003 EG-GICUC
005 20260121153621.0
008 260121s1973 ua |||jr|||| 000 0 ara d
017 _a1971 / 5525
_bدار الكتب والوثائق القومية (مصر)
040 _aEG-GiCUC
_bara
_cEG-GiCUC
_dEG-GiCUC
_erda
082 0 4 _221
_a415.1
_bI18
092 0 4 _221
_a415.1
_bI18
099 _a415.1 I18
100 1 _aعيد، محمد
_eمؤلف.
245 1 2 _aالنحو المصفى /
_cالدكتور محمد عيد.
264 _aالقاهرة (مصر) :
_bمكتبة الشباب،
_c1973.
300 _a735 صفحة ؛
_c24 سم
336 _2rdacontent
_atext
337 _2rdamedia
_aUnmediated
338 _2rdacarrier
_avolume
504 _aيشتمل على ارجاعات ببليوجرافية.
541 _aد. جابر عصفور ؛
_bالقاهرة ؛
_cإهداء ؛
_d2024.
650 1 7 _aاللغة العربية
_xنحو
_2qrmak
651 1 _2qrmak
905 _aAya
942 _2ddc
_cBK
_e21
_n0
999 _c177931
_d177931